Colombia: La construccin̤ de la paz en tiempos de guerra

Detalles Bibliográficos
Autor principal: M. Bouvier, Virginia
Formato: Libro
Lenguaje:español
Publicado: Colombia Editorial Universidad de Rosario (Colombia) 2014
Materias:
Acceso en línea:Acceso restringido

MARC

LEADER 00000nam a22000007a 4500
005 20160526150632.0
007 cr|||| ||u|
008 160526s2014 ck ||||| |||| 00||0 spa d
020 |a 978-958-738-496-3 
035 |a 14209 
040 |a vLex  
090 |c 6158  |d 6158 
100 1 |a M. Bouvier, Virginia  
245 1 0 |a Colombia: La construccin̤ de la paz en tiempos de guerra  |h [Recurso electrn̤ico] /  |c Virginia M. Bouvier 
256 |a Servicio en ln̕ea 
260 |a Colombia   |b Editorial Universidad de Rosario (Colombia)  |c 2014  
300 |a 1 recurso electrn̤ico  
506 1 |a Contenido solo disponible en los productos indicados  |d vLex Global  |d vLex Global (Academic Edition, excluding Law Schools)  |d vLex Global (U.S. Academic Edition, Law Schools)  |d vLex Global (U.S. Academic Edition, excluding Law Schools)  |d vLex Global (Academic Edition, Law Schools) 
650 0 4 |a Derecho  |z Colombia 
740 0 |a vLex libros (servicio en ln̕ea)  
856 4 0 |u http://vlex.com/source/colombia-construccion-paz-tiempos-guerra-14209  |z Acceso restringido  
942 |c BOOK 
999 0 |a Law  |b Colombia